Normal view
MARC view
- Computer architecture.
Entry Topical Term
001 - CONTROL NUMBER
- control field: 33784
003 - CONTROL NUMBER IDENTIFIER
- control field: OSt
005 - DATE AND TIME OF LATEST TRANSACTION
- control field: 20130929133107.0
008 - FIXED-LENGTH DATA ELEMENTS
- fixed length control field: 130929|| aca||aabn | a|a d
040 ## - CATALOGING SOURCE
- Original cataloging agency: OSt
- Transcribing agency: OSt
150 ## - HEADING--TOPICAL TERM
- Topical term or geographic name as entry element: Computer architecture.
670 ## - SOURCE DATA FOUND
- Source citation: Work cat.: (OSt)0: Mano, M. Morris, 1927- 33783, Computer System Architecture /, 1993.